Т. 315, № 3 : Химия; Известия Томского политехнического университета [Известия ТПУ]

গ্রন্থ-পঞ্জীর বিবরন
Parent link:Известия Томского политехнического университета [Известия ТПУ]/ Томский политехнический университет (ТПУ). Т. 315, № 3 : Химия.— , 2000-
ভাষা:রুশ
প্রকাশিত: 2009
বিষয়গুলি:
বিন্যাস: গ্রন্থ
KOHA link:https://koha.lib.tpu.ru/cgi-bin/koha/opac-detail.pl?biblionumber=176772

MARC

LEADER 00000nam2a2200000 4500
001 176772
005 20231208103056.0
035 |a (RuTPU)RU\TPU\book\191664 
035 |a RU\TPU\book\189691 
090 |a 176772 
100 |a 20100304d2009 k y0rusy50 ca 
101 0 |a rus 
102 |a RU 
105 |a a z 001zd 
200 0 |a Т. 315, № 3 : Химия 
210 |d 2009 
215 |a 123 с.  |c ил. 
320 |a Библиография в конце статей 
461 1 |0 (RuTPU)RU\TPU\book\176237  |t Известия Томского политехнического университета [Известия ТПУ]  |f Томский политехнический университет (ТПУ)  |v Т. 315, № 3 : Химия  |d 2000- 
600 1 |a Косинцев  |b В. И.  |c российский химик  |c профессор Томского политехнического университета  |f 1939-  |g Виктор Иванович  |y Томск  |2 stltpush  |3 (RuTPU)RU\TPU\pers\21969 
600 1 |a Ильин  |b А. П.  |c химик  |c профессор Томского политехнического университета, доктор физико-математических наук  |f 1950-  |g Александр Петрович  |y Томск  |2 stltpush  |3 (RuTPU)RU\TPU\pers\25487 
601 0 2 |a Томский политехнический университет (ТПУ)  |c (1991- )  |2 stltpush  |3 (RuTPU)RU\TPU\col\376 
606 1 |a Высшие технические учебные заведения  |2 stltpush  |3 (RuTPU)RU\TPU\subj\3996  |9 32316 
606 1 |a Химия  |2 stltpush  |3 (RuTPU)RU\TPU\subj\17362  |9 43035 
606 1 |a Научно-технический потенциал  |2 stltpush  |3 (RuTPU)RU\TPU\subj\45166  |9 64427 
610 1 |a технические вузы 
610 1 |a Россия 
610 1 |a Томск 
610 1 |a томские вузы 
610 1 |a Известия 
610 1 |a химия 
610 1 |a алюминиевые порошки 
610 1 |a селенаты 
610 1 |a нагревание 
610 1 |a окисление 
610 1 |a теллуриты 
610 1 |a флюорит 
610 1 |a разложение 
610 1 |a экстракционные колонны 
610 1 |a мазут 
610 1 |a термический крекинг 
610 1 |a асфальтиты 
610 1 |a нефть 
610 1 |a Западная Сибирь 
610 1 |a труды учёных ТПУ 
610 1 |a Коллекция История ТПУ 
675 |a 62  |v 3 
675 |a 54  |v 3 
686 |a Ч484(2)72  |2 rubbk 
801 1 |a RU  |b 63413507  |c 20080917  |g PSBO 
801 2 |a RU  |b 63413507  |c 20221208  |g PSBO 
942 |c CR